|
|
|
|
| LEADER |
01331cam a2200397 a 4500 |
| 001 |
nkc20071761294 |
| 003 |
CZ PrNK |
| 005 |
20080111115732.0 |
| 007 |
ta |
| 008 |
071018s2007 xr ac e 000 0dcze d |
| 015 |
|
|
|a cnb001761294
|
| 020 |
|
|
|a 978-80-253-0472-3
|q (váz.)
|
| 035 |
|
|
|a (OCoLC)190754095
|
| 040 |
|
|
|a KLG001
|b cze
|d BOA001
|d OLA001
|d ABA001
|
| 043 |
|
|
|a e-xr---
|
| 072 |
|
7 |
|a 796
|x Sport. Hry. Tělesná cvičení
|2 Konspekt
|9 20
|
| 072 |
|
7 |
|a 929
|x Biografie
|2 Konspekt
|9 8
|
| 080 |
|
|
|a 929
|2 MRF
|
| 080 |
|
|
|a 796.071.2
|2 MRF
|
| 080 |
|
|
|a (437.3)
|2 MRF
|
| 080 |
|
|
|a (047.53)
|2 MRF
|
| 100 |
1 |
|
|a Urban, Petr,
|d 1960-
|7 jn19990218106
|4 aut
|4 ivr
|4 ill
|
| 245 |
1 |
0 |
|a Petr Urban vyslýchá sportovní hvězdy /
|c [napsal] Petr Urban, Michal Chytil ; [ilustrace Petr Urban]
|
| 250 |
|
|
|a 1. vyd.
|
| 260 |
|
|
|a Praha :
|b Fragment,
|c 2007
|
| 300 |
|
|
|a 131 s. :
|b barev. il., portréty ;
|c 24 cm
|
| 650 |
0 |
7 |
|a sportovci
|7 ph125942
|z Česko
|2 czenas
|
| 650 |
0 |
9 |
|a sportsmen
|z Czechia
|2 eczenas
|
| 655 |
|
7 |
|a rozhovory
|7 fd133303
|2 czenas
|
| 655 |
|
9 |
|a interviews
|2 eczenas
|
| 700 |
1 |
|
|a Chytil, Michal,
|d 1971-
|7 xx0067910
|4 aut
|
| 910 |
2 |
|
|a BOA001
|b 2-1194.150
|
| 990 |
|
|
|a BK
|
| 995 |
|
|
|a 01
|
| 991 |
|
|
|b 200711
|c NOV
|
| 996 |
6 |
|
|b 2610324437
|c 2-1194.150
|l MZK
|r Sklad / do 1 hodiny
|n 2
|p p.v.
|w 000874225
|u 000010
|a 1
|e BOA001
|j MZK50
|s P
|